000 00334nam a2200157Ia 4500
100 _aCeri/ Stefano
250 _a2
942 _cBK
654 _acomputer
245 _aDistributed Database : Principles & Systems
260 _bMc Graw Hill
_c1984
082 _a5.758
_bCER
300 _a393
546 _aENGLISH
999 _c34892
_d34892